00589nam a2200181Ia 4500008004100000082001300041100001700054245002400071250000800095260003200103300001200135500002400147650001200171942000700183952010000190952010000290999001700390230524s9999 xx 000 0 und d a406bSWA aMichael Swan 0aBasic English Usage a1ST aNEW DELHIbOxford Pubc2004 aVII;370 aQuantity Number: 2 aEnglish cBK 00104070aTATCLbTATCLcGENd2023-05-24l0o406 SWAp9262r2023-05-24w2023-05-24yBKzMBA302 00104070aTATCLbTATCLcGENd2023-05-24l0o406 SWAp9263r2023-05-24w2023-05-24yBKzMBA302 c34280d34280